El gran libro de SOLIDWORKS (Registro nro. 29313)
[ vista simple ]
| 000 -LÍDER | |
|---|---|
| fixed length control field | 00616nam a22002177a 4500 |
| 003 - IDENTIFICADOR DEL NÚMERO DE CONTROL | |
| control field | ITZ |
| 005 - FECHA Y HORA DE LA ULTIMA TRANSACCIÓN | |
| Campo de control | 20240304144724.0 |
| 008 - ELEMENTOS DE LONGITUD FIJA -- INFORMACIÓN GENERAL | |
| fixed length control field | 240304b |||||||| |||| 00| 0 spa d |
| 020 ## - NÚMERO INTERNACIONAL NORMALIZADO PARA LIBROS | |
| ISBN | 978-607-538-636-2 |
| 035 ## - Número de ficha (Janium) | |
| Número de ficha (Janium) | 17697 |
| 041 ## - CÓDIGO DE IDIOMA | |
| Código de idioma para texto/pista de sonido o título separado | spa |
| 050 ## - SIGNATURA TOPOGRAFICA DE LA BIBLIOTECA DEL CONGRESO (LC) | |
| Número de Clasificación | T385 |
| Cutter | G67 |
| 082 ## - NUMERO DE CLASIFICACION DECIMAL DEWEY | |
| Número de Clasificación | 620.004.2 |
| Cutter | G586g |
| 100 1# - ASIENTO PRINCIPAL--NOMBRE PERSONAL | |
| Nombre personal | Gómez González, Sergio |
| 245 ## - TÍTULO | |
| Título | El gran libro de SOLIDWORKS |
| Mención de responsabilidad, etc. | Sergio Gómez González |
| 250 ## - MENCIÓN DE EDICIÓN | |
| Mención de edición | 3° ed. |
| 260 ## - PUBLICACIÓN, DISTRIBUCIÓN, ETC. (PIE DE IMPRENTA) | |
| Lugar de publicación, distribución, etc. | México |
| Nombre del editor, distribuidor, etc. | Alfaomega |
| Fecha de publicación, distribución, etc. | 2021 |
| 300 ## - DESCRIPCIÓN FÍSICA | |
| Extensión | 965 p. |
| Otros detalles físicos | il. / |
| Dimensiones | 23 cm. |
| 650 ## - ASIENTO SECUNDARIO DE MATERIA - TERMINO TEMÁTICO | |
| Término temático o nombre geográfico como elemento de entrada | 1. SOLIDWORKS (PROGRAMA PARA COMPUTADORA) \ 2. DISEÑO ASISTIDO POR COMPUTADORA |
| 942 ## - TIPO DE MATERIAL (KOHA) | |
| Koha item type | Libros |
| No. biblioteca | No. biblioteca | Número de clasificación | Número de copia | Tipo de material | Otras carreras |
|---|---|---|---|---|---|
| ÁREA DE SISTEMAS COMPUTACIONALES | ÁREA DE INFORMÁTICA | 620.004.2 G586g | 1 | Libros | ÁREA DE SISTEMAS COMPUTACIONALES |
| ÁREA DE SISTEMAS COMPUTACIONALES | ÁREA DE INFORMÁTICA | 620.004.2 G586g | 2 | Libros | ÁREA DE SISTEMAS COMPUTACIONALES |
| ÁREA DE SISTEMAS COMPUTACIONALES | ÁREA DE INFORMÁTICA | 620.004.2 G586g | 3 | Libros | ÁREA DE SISTEMAS COMPUTACIONALES |
